000 00600nam a22001577a 4500
005 20120426120450.0
020 _c00.00
035 _aA-38566
037 _aDPL
_bENG
100 _aChadha, Kumkum
_945783
245 _aThe crucifixion :
_bInterviews where political leaders nail themselves /
_cby Kumkum Chadha
260 _aDelhi
_bAjanta Publications
_c1981
300 _ax, 180p.
_c18 cms.
942 _2ddc
_cEN
_h320.92
_mCHA
999 _c65666
_d65666